LEADER 05044nam 22008415 450 001 9910781087703321 005 20191219181233.0 010 $a1-283-52780-4 010 $a9786613840257 010 $a0-230-61050-1 024 7 $a10.1057/9780230610507 035 $a(CKB)2550000000003526 035 $a(SSID)ssj0001656939 035 $a(PQKBManifestationID)16439206 035 $a(PQKBTitleCode)TC0001656939 035 $a(PQKBWorkID)14989848 035 $a(PQKB)10518438 035 $a(SSID)ssj0000700906 035 $a(PQKBManifestationID)12330847 035 $a(PQKBTitleCode)TC0000700906 035 $a(PQKBWorkID)10672109 035 $a(PQKB)11254955 035 $a(DE-He213)978-0-230-61050-7 035 $a(MiAaPQ)EBC4001687 035 $a(EXLCZ)992550000000003526 100 $a20151222d2008 u| 0 101 0 $aeng 135 $aurnn|008mamaa 181 $ctxt 182 $cc 183 $acr 200 10$aAfrican American Religious Life and the Story of Nimrod$b[electronic resource] /$fedited by Anthony B. Pinn, Allen Dwight Callahan 210 1$aNew York :$cPalgrave Macmillan US :$cImprint: Palgrave Macmillan,$d2008. 215 $a1 online resource (288 p.) 225 1 $aBlack Religion/Womanist Thought/Social Justice 300 $aBibliographic Level Mode of Issuance: Monograph 311 $a1-349-53050-6 311 $a1-4039-6827-6 320 $aIncludes bibliographical references and index. 327 $aIntroduction: "Figures of the true" / Allen Dwight Callahan -- The hunter and the game : reappropriating the legend of Nimrod from an African American theological perspective / James H. Evans, Jr. -- God of restraint : an African American humanist interpretation of Nimrod and the Tower of Babel / Anthony B. Pinn -- "I am black and beautiful, o ye daughters of Jerusalem" : African American virtue ethics and a womanist hermeneutics of redemption / Stacey M. Floyd-Thomas -- "Lest we be scattered abroad" : Nimrod, Marcus Garvey, and Black religious humanism in Harlem / Juan M. Floyd-Thomas -- More than a mighty hunter : George Washington Williams, nineteenth-century racialized discourse, and the reclamation of Nimrod / Abraham Smith -- The story of Nimrod : a struggle with otherness and the search for identity / Arthur L. Pressley -- Nimrod : reading the Bible with South African eyes / Elelwani B. Farisani -- Nimrod and Dead Prez : walking like a warrior / Ralph C. Watkins -- Nimrod and the South African context / Dorothy M. Farisani -- Who is the man? : Nimrod, Afrocentricism, and the African American dream / Lee H. Butler, Jr. -- "The strength of collective man" : Nimrod and the Tower of Babel / Allen Dwight Callahan -- Nimrod : paradigm of future oppressive systems / Jimmy Kirby -- Beyond the curse of Noah : African American pastoral theology as political / Edward P. Wimberly -- A tower of pulpits / Dale P. Andrews -- Reorientation by reference to "wrong way" makers : evaluating a modern signifying mythicization of an ancient mythicization / Theodore Walker, Jr. 330 $aThe biblical text and its key figures have played a prominent role in the development of religious discourse on pressing socio-political issues. Slavery and continued discrimination were given theological sanction through the Old Testament story of Ham, but what of his descendent Nimrod the hunter? 410 0$aBlack Religion/Womanist Thought/Social Justice 606 $aEthnology?Africa 606 $aReligion 606 $aReligion?History 606 $aReligion and sociology 606 $aBible?Theology 606 $aEthnicity 606 $aAfrican Culture$3http://scigraph.springernature.com/things/product-market-codes/411030 606 $aReligious Studies, general$3http://scigraph.springernature.com/things/product-market-codes/1A0000 606 $aHistory of Religion$3http://scigraph.springernature.com/things/product-market-codes/1A7000 606 $aSociology of Religion$3http://scigraph.springernature.com/things/product-market-codes/X22210 606 $aBiblical Studies$3http://scigraph.springernature.com/things/product-market-codes/1A3140 606 $aEthnicity Studies$3http://scigraph.springernature.com/things/product-market-codes/X22180 615 0$aEthnology?Africa. 615 0$aReligion. 615 0$aReligion?History. 615 0$aReligion and sociology. 615 0$aBible?Theology. 615 0$aEthnicity. 615 14$aAfrican Culture. 615 24$aReligious Studies, general. 615 24$aHistory of Religion. 615 24$aSociology of Religion. 615 24$aBiblical Studies. 615 24$aEthnicity Studies. 676 $a220.8/305896 702 $aPinn$b Anthony B$4edt$4http://id.loc.gov/vocabulary/relators/edt 702 $aCallahan$b Allen Dwight$4edt$4http://id.loc.gov/vocabulary/relators/edt 906 $aBOOK 912 $a9910781087703321 996 $aAfrican American Religious Life and the Story of Nimrod$93828113 997 $aUNINA LEADER 05210nam 22007335 450 001 9910502652603321 005 20240701115359.0 010 $a9783030789114 010 $a303078911X 024 7 $a10.1007/978-3-030-78911-4 035 $a(CKB)4100000012038138 035 $a(MiAaPQ)EBC6738545 035 $a(Au-PeEL)EBL6738545 035 $a(OCoLC)1287136497 035 $a(DE-He213)978-3-030-78911-4 035 $a(EXLCZ)994100000012038138 100 $a20210930d2021 u| 0 101 0 $aeng 135 $aurcnu|||||||| 181 $ctxt$2rdacontent 182 $cc$2rdamedia 183 $acr$2rdacarrier 200 10$aEthnographies of 'On Demand' Films $eAnthropological Explorations of Commissioned Audiovisual Productions /$fedited by Alex Vailati, Gabriela Zamorano Villarreal 205 $a1st ed. 2021. 210 1$aCham :$cSpringer International Publishing :$cImprint: Palgrave Macmillan,$d2021. 215 $a1 online resource (290 pages) 311 08$a9783030789107 311 08$a3030789101 320 $aIncludes bibliographical references and index. 327 $aPart 1. ON DEMAND ETHNOGRAPHERS -- Chapter 1. Making "Commissioned Home Movies" in Post-Socialist Romania: Ethnographic and Historical Perspectives -- Chapter 2. Ethnographic Investigations of Collaborative Filming for Dementia -- Chapter 3. Musicalizing the Other or the "Otherfication" in Music?: The Anthropologist as an Audiovisual Mediator -- Chapter 4. Between Institutional Policies and Ethnographic Gazes: Thoughts on the Audiovisual Practices on the Register of Feira de Campina Grande as Brazilian Cultural Heritage -- PART 2. PRODUCERS AND PRODUCED -- Chapter 5. Videos of 'Prestes' or Religious Dance Fraternities as New Forms of Ostentatiousness in La Paz, Bolivia -- Chapter 6. Shooting Elites: An Ethnography of Wedding-film Production for Elites -- Chapter 7. The Circulation of Low-budget Videos in the Football System -- Chapter 8. Multiple Videographies: From Promotional Documentaries to Videoclips of Andean Popular Music in the PeruvianVideosphere -- PART 3. FORMS AND CIRCULATIONS -- Chapter 9. Expanding the Family Frame: Social Specialists, Intimate Publics, and Gendered Images of Mobility in Transnational Wedding Videos -- Chapter 10. Of Archons and Amateurs: Commissioned Filmmaking in Contemporary Brazilian Cinema -- Chapter 11. Aesthetic Norms of Subaltern Filmmaking: Comic Skits of the Everyday in Zimbabwe -- Chapter 12. Moral Panic at the Country: Conservative Civil Society Groups and Social Video Uses in Peru. 330 $aOver the last two decades, the advent of cheap, user-friendly video technologies has contributed to a revolution in representational agency. Videos are now made by production units that are at times composed of families, churches, musical groups, community associations or other institutions. Thus, on-demand videos produced and distributed within local and atypical networks profoundly shape contemporary urban imaginaries. This book explores the intertwined relations among infrastructure, technology, and modernity through an ordinary, yet little studied field of "on-demand" audiovisual production, which involves processes of negotiation and interaction between clients and commissioned video makers. On-demand films are considered as a space of collaboration and self-representation, that allows to reflect on the potential of fiction, artifice, and montage to render material desires, aspirations, and ideas of the future. Alex Vailati is Associate Professor of Anthropology and Museology at the Federal University of Pernambuco, Brazil. An anthropologist and documentarist, he is the coordinator of the university's Visual Anthropology Laboratory (LAV). He is the author of Migration of Rich Immigrants: Gender, Ethnicity and Class (2016, with Carmel Rial). Gabriela Zamorano Villarreal is a Professor and researcher at the Centro de Estudios Antropológicos in El Colegio de Michoacán, Mexico. She is the author of Indigenous Media and Political Imaginaries in Contemporary Bolivia ( 2017). Her current research includes work on popular photographic and audiovisual archives in Michoacán, Mexico and La Paz, Bolivia. 606 $aAnthropology$xResearch 606 $aEthnology 606 $aMass media 606 $aSociology 606 $aLeisure 606 $aMass media and culture 606 $aResearch Methods in Anthropology 606 $aEthnography 606 $aMedia Sociology 606 $aLeisure Studies 606 $aMedia Culture 615 0$aAnthropology$xResearch. 615 0$aEthnology. 615 0$aMass media. 615 0$aSociology. 615 0$aLeisure. 615 0$aMass media and culture. 615 14$aResearch Methods in Anthropology. 615 24$aEthnography. 615 24$aMedia Sociology. 615 24$aLeisure Studies. 615 24$aMedia Culture. 676 $a301 676 $a306 702 $aVailati$b Alex 702 $aZamorano$b Gabriela 801 0$bMiAaPQ 801 1$bMiAaPQ 801 2$bMiAaPQ 906 $aBOOK 912 $a9910502652603321 996 $aEthnographies of 'on demand' films$92894459 997 $aUNINA